Educación tipográfica: una introducción a la tipografía
Enregistré dans:
| Auteur principal: | |
|---|---|
| Format: | Livre |
| Langue: | espagnol |
| Publié: |
Santiago
Universidad Diego Portales
2004
|
| Édition: | 1a. ed |
| Collection: | Temas de Diseño
|
| Sujets: | |
| Tags: |
Ajouter un tag
Pas de tags, Soyez le premier à ajouter un tag!
|
MARC
| LEADER | 00000nam a2200000 a 4500 | ||
|---|---|---|---|
| 001 | UCK2280 | ||
| 003 | CL-VaPUC | ||
| 008 | 041229e20040000CL |||||||||||||||||spa|d | ||
| 020 | |a 9567397473 | ||
| 082 | 0 | 4 | |a 686.22 |b GAL |2 21 |
| 100 | |a Gálvez Pizarro, Francisco |e author |9 599486 | ||
| 245 | 1 | 0 | |a Educación tipográfica: una introducción a la tipografía |
| 250 | |a 1a. ed | ||
| 300 | |a 198 p | ||
| 942 | |c BK | ||
| 945 | |d 20041229 00:00:00 |a cmena | ||
| 260 | |a Santiago |b Universidad Diego Portales |c 2004 | ||
| 650 | 0 | |a Tipografía |9 266998 | |
| 650 | 0 | |a Artes gráficas |9 265865 | |
| 650 | 7 | |a IMPRESION |2 CL-VaPUC |9 266944 | |
| 583 | |a last modification |c 20041229 00:00:00 |k Rodrigo Vera | ||
| 490 | 0 | |a Temas de Diseño | |
| 999 | |c 311867 |d 311865 | ||
| 952 | |0 0 |1 0 |4 0 |6 686_220000000000000_GAL_2004 |7 0 |8 A |9 381557 |a BIBARQ |b BIBARQ |d 2019-11-21 |i 4090691 |l 5 |m 5 |o 686.22 GAL 2004 |p 4090691 |r 2025-01-20 |s 2024-11-28 |w 2019-11-21 |y BK |k ARQ | ||